Statistics for Premier League Teams 1997-98

Click here to take the quiz!

General Stats

  • This quiz has been taken 288 times
  • The average score is 16 of 20

Answer Stats

PositionTeam% Correct
2Manchester United
100%
CArsenal
98%
4Chelsea
97%
3Liverpool
97%
17Everton
94%
14Tottenham Hotspur
93%
13Newcastle United
90%
8West Ham United
89%
7Aston Villa
86%
5Leeds United
86%
6Blackburn Rovers
81%
12Southampton
81%
RBolton Wanderers
73%
RCrystal Palace
73%
9Derby County
73%
10Leicester City
73%
16Sheffield Wednesday
73%
11Coventry City
61%
15Wimbledon
61%
RBarnsley
53%

Score Distribution

Percentile by Number Answered

Percent of People with Each Score

Your Score History

You have not taken this quiz